Coastal dune management : shared experience of European conservation practice : proceedings of the European Symposium Coastal Dunes of the Atlantic Biogeographical Region, Southport, northwest England, September 1998
Αποθηκεύτηκε σε:
| Άλλοι συγγραφείς: | , , |
|---|---|
| Μορφή: | Βιβλίο |
| Γλώσσα: | English |
| Δημοσίευση: |
Liverpool :
Liverpool University Press,
2001
|
| Θέματα: | |
| Ετικέτες: |
Προσθήκη ετικέτας
Δεν υπάρχουν, Καταχωρήστε ετικέτα πρώτοι!
|
MARC
| LEADER | 00000nam a2200000 i 4500 | ||
|---|---|---|---|
| 001 | 1/99317 | ||
| 008 | 081212s2001 eng d | ||
| 020 | |a 0-85323-854-5 | ||
| 035 | |l 10102416 | ||
| 040 | |a GR-MY-UA |b gre |e aacr | ||
| 041 | 0 | |a eng | |
| 082 | 0 | |a 577.583094 |2 (22) | |
| 245 | 1 | 0 | |a Coastal dune management : |b shared experience of European conservation practice : proceedings of the European Symposium Coastal Dunes of the Atlantic Biogeographical Region, Southport, northwest England, September 1998 / |c edited by J.A. Houston, S.E. Edmondson and P.J. Rooney |
| 260 | |a Liverpool : |b Liverpool University Press, |c 2001 | ||
| 300 | |a xiii, 458 σ.; |b εικ., χάρτες; |c 25 εκ. | ||
| 504 | |a Περιέχει βιβλιογραφικές παραπομπές | ||
| 650 | 0 | 0 | |a Sand dune ecology |z Europe |x Congresses. |
| 650 | 0 | 0 | |a Sand dunes |z Europe |x Congresses. |
| 650 | 0 | 0 | |a Sand dune conservation |z Europe |x Congresses. |
| 700 | 1 | |a Houston, John |d 1955- |4 edt | |
| 700 | 1 | |a Rooney, P. J. |q (Paul J.) |4 edt | |
| 700 | 1 | |a Edmondson, S. E. |q (Sally E.) |4 edt | |
| 852 | |a INST |b LESVOS |e 20081212 |h 577.583094 COA |p 005100043666 |q 005100043666 |t BK |y 0 | ||
| 901 | |a BIBL1-2008-3 | ||
| 909 | |a Λ |b 157516 | ||
| 920 | |a ΕΠΕΑΕΚ ΠΜΣ ΔΙΑΧΕΙΡΙΣΗ ΠΑΡΑΚΤΙΩΝ ΠΕΡΙΟΧΩΝ |y ΛΕΣΒΟΣ |z 2008-12 | ||
| 970 | |a ΚΑΡΑ |b ΓΙΑΣΕΜΗ |z 2008/12/12 | ||